00922 2200229 4500001002100000005001700021008004100038035002500079040001200104082001400116084001900130100001900149245020300168260005200371300003100423500011900454504002900573650003400602700002600636850001200662990001800674INLIS00000000000871520150803203857.0  a0010-081500000000153 aYOPDYOG 223a540.7 aSK 540.7 Yan E aYANUAR Istanto aEfektivitas penerapan metode pembelajaran kooperatif tipe Teams Game Tournament (TGT) pada mata pelajaran kimia kelas XI semester 1 SMA Negeri 1 Sewon Bantul tahun ajaran 2006/2007c/ Yanuar Istanto aYogyakartabUniversitas Negeri Yogyakartac2007 axiv, 69 lembarc; 29,5 cm. aSkripsi Program Studi Pendidikan Kimia Fakultas Matematika dan Ilmu Pengetahuan Alam Universitas Negeri Yogyakarta aBibliografi : hlm. 68-69 aKimia -- Studi dan pengajaran aLIS Permana Sari, Rr. aYOPDYOG a47115-PD/A.15